Accounting : business reporting for decision making (Record no. 2772)
| 000 -LEADER | |
|---|---|
| fixed length control field | 01119cam a2200373 a 4500 |
| 001 - CONTROL NUMBER | |
| control field | 15644379 |
| 003 - CONTROL NUMBER IDENTIFIER | |
| control field | OSt |
| 005 - DATE AND TIME OF LATEST TRANSACTION | |
| control field | 20160822092035.0 |
| 008 - FIXED-LENGTH DATA ELEMENTS--GENERAL INFORMATION | |
| fixed length control field | 090303r20072006sa a 001 0 eng |
| 010 ## - LIBRARY OF CONGRESS CONTROL NUMBER | |
| LC control number | 2009275748 |
| 015 ## - NATIONAL BIBLIOGRAPHY NUMBER | |
| National bibliography number | GBA856246 |
| Source | bnb |
| 016 7# - NATIONAL BIBLIOGRAPHIC AGENCY CONTROL NUMBER | |
| Record control number | 013733041 |
| Source | Uk |
| 020 ## - INTERNATIONAL STANDARD BOOK NUMBER | |
| International Standard Book Number | 9780730302414 (pbk.) |
| 020 ## - INTERNATIONAL STANDARD BOOK NUMBER | |
| International Standard Book Number | 0195760514 (pbk.) |
| 035 ## - SYSTEM CONTROL NUMBER | |
| System control number | (OCoLC)ocn225392388 |
| 040 ## - CATALOGING SOURCE | |
| Original cataloging agency | UKM |
| Transcribing agency | UKM |
| Modifying agency | BAKER |
| -- | YDXCP |
| -- | BWX |
| -- | DLC |
| 042 ## - AUTHENTICATION CODE | |
| Authentication code | ukblsr |
| -- | lccopycat |
| 050 00 - LIBRARY OF CONGRESS CALL NUMBER | |
| Classification number | HF5636.B57 2012 |
| 082 04 - DEWEY DECIMAL CLASSIFICATION NUMBER | |
| Classification number | 657 |
| Edition number | 22 |
| 100 ## - MAIN ENTRY--PERSONAL NAME | |
| Personal name | Birt, Jacqueline |
| 245 00 - TITLE STATEMENT | |
| Title | Accounting : business reporting for decision making |
| Statement of responsibility, etc | Birt, Jacqueline ... [et al.]. |
| 250 ## - EDITION STATEMENT | |
| Edition statement | 4th edition |
| 260 ## - PUBLICATION, DISTRIBUTION, ETC. (IMPRINT) | |
| Place of publication, distribution, etc | Australia, |
| -- | Milton : |
| Name of publisher, distributor, etc | Wiley |
| Date of publication, distribution, etc | 2012. |
| 300 ## - PHYSICAL DESCRIPTION | |
| Extent | xxi, 668 p. : |
| Other physical details | ill. ; |
| Dimensions | 28 cm. |
| 500 ## - GENERAL NOTE | |
| General note | Originally published: 2006. |
| 500 ## - GENERAL NOTE | |
| General note | Includes index. |
| 650 #0 - SUBJECT ADDED ENTRY--TOPICAL TERM | |
| Topical term or geographic name as entry element | Accounting. |
| 700 1# - ADDED ENTRY--PERSONAL NAME | |
| Personal name | Chalmers, Keryn |
| 700 1# - ADDED ENTRY--PERSONAL NAME | |
| Personal name | Brooks, Albie |
| 700 1# - ADDED ENTRY--PERSONAL NAME | |
| Personal name | Byne, Suzanne |
| 906 ## - LOCAL DATA ELEMENT F, LDF (RLIN) | |
| a | 7 |
| b | cbc |
| c | copycat |
| d | 2 |
| e | ncip |
| f | 20 |
| g | y-gencatlg |
| 942 ## - ADDED ENTRY ELEMENTS (KOHA) | |
| Source of classification or shelving scheme | |
| Koha item type | Book |
| Withdrawn status | Lost status | Source of classification or shelving scheme | Damaged status | Not for loan | Home library | Current library | Date acquired | Total Checkouts | Full call number | Barcode | Date last seen | Date checked out | Copy number | Price effective from | Koha item type | Shelving location |
|---|---|---|---|---|---|---|---|---|---|---|---|---|---|---|---|---|
| Riara University Library | Riara University Library | 17/08/2016 | 1 | HF5636.B57 2012 | 7341/16 | 12/09/2023 | 22/06/2023 | C.1 | 17/08/2016 | Book | ||||||
| Riara University Library | Riara University Library | 22/08/2016 | 2 | HF5636.B57 2012 | 8006/16 | 11/12/2018 | 24/11/2018 | C.2 | 22/08/2016 | Book | General stack | |||||
| Riara University Library | Riara University Library | 22/08/2016 | 1 | HF5636.B57 2012 | 8085/16 | 05/07/2023 | 22/06/2023 | C.3 | 22/08/2016 | Book | General stack | |||||
| Riara University Library | Riara University Library | 05/09/2016 | 1 | HF5636.B57 2012 | 7688/16 | 10/04/2019 | 09/04/2019 | C.4 | 05/09/2016 | Book | General stack |
